<?xml version="1.0" encoding="UTF-8"?>
<record
    xmlns:xsi="http://www.w3.org/2001/XMLSchema-instance"
    xsi:schemaLocation="http://www.loc.gov/MARC21/slim http://www.loc.gov/standards/marcxml/schema/MARC21slim.xsd"
    xmlns="http://www.loc.gov/MARC21/slim">

  <leader>01315nam2a22002291  4500</leader>
  <controlfield tag="001">rc\142489</controlfield>
  <controlfield tag="005">20250612174833.0</controlfield>
  <datafield tag="035" ind1=" " ind2=" ">
    <subfield code="a">(NLR Aleph) 008762588</subfield>
  </datafield>
  <datafield tag="090" ind1=" " ind2=" ">
    <subfield code="a">7874501</subfield>
    <subfield code="c">7874501</subfield>
  </datafield>
  <datafield tag="100" ind1=" " ind2=" ">
    <subfield code="a">20030307d1994    |||y0rusy50      ca</subfield>
  </datafield>
  <datafield tag="101" ind1="0" ind2=" ">
    <subfield code="a">rus</subfield>
  </datafield>
  <datafield tag="102" ind1=" " ind2=" ">
    <subfield code="a">RU</subfield>
  </datafield>
  <datafield tag="105" ind1=" " ind2=" ">
    <subfield code="a">a   |||||||||</subfield>
  </datafield>
  <datafield tag="200" ind1="1" ind2=" ">
    <subfield code="a">&#x41D;&#x435;&#x432;&#x435;&#x43B;&#x44C;&#x441;&#x43A;&#x438;&#x439; &#x440;&#x430;&#x439;&#x43E;&#x43D;, &#x423;&#x441;&#x432;&#x44F;&#x442;&#x441;&#x43A;&#x438;&#x439; &#x440;&#x430;&#x439;&#x43E;&#x43D;</subfield>
    <subfield code="f">&#x410;&#x434;&#x43C;&#x438;&#x43D;&#x438;&#x441;&#x442;&#x440;&#x430;&#x446;&#x438;&#x438; &#x41D;&#x435;&#x432;&#x435;&#x43B;., &#x423;&#x441;&#x432;&#x44F;&#x442;. &#x440;-&#x43D;&#x43E;&#x432;</subfield>
  </datafield>
  <datafield tag="210" ind1=" " ind2=" ">
    <subfield code="d">1994</subfield>
    <subfield code="a">&#x411;. &#x43C;.</subfield>
  </datafield>
  <datafield tag="215" ind1=" " ind2=" ">
    <subfield code="a">543 &#x441;.</subfield>
    <subfield code="c">&#x438;&#x43B;.</subfield>
  </datafield>
  <datafield tag="461" ind1=" " ind2="0">
    <subfield code="1">001rc\142483</subfield>
    <subfield code="1">2001#$a&#x41A;&#x43D;&#x438;&#x433;&#x430; &#x41F;&#x430;&#x43C;&#x44F;&#x442;&#x438;. &#x41F;&#x441;&#x43A;&#x43E;&#x432;&#x441;&#x43A;&#x430;&#x44F; &#x43E;&#x431;&#x43B;&#x430;&#x441;&#x442;&#x44C;$e&#x418;&#x441;&#x442;.-&#x434;&#x43E;&#x43A;&#x443;&#x43C;. &#x445;&#x440;&#x43E;&#x43D;&#x438;&#x43A;&#x430;$e&#x41A; 50-&#x43B;&#x435;&#x442;&#x438;&#x44E; &#x41F;&#x43E;&#x431;&#x435;&#x434;&#x44B; &#x441;&#x43E;&#x432;. &#x43D;&#x430;&#x440;&#x43E;&#x434;&#x430; &#x432; &#x412;&#x435;&#x43B;&#x438;&#x43A;&#x43E;&#x439; &#x41E;&#x442;&#x435;&#x447;. &#x432;&#x43E;&#x439;&#x43D;&#x435;$f&#x41E;&#x431;&#x43B;. &#x421;&#x43E;&#x432;&#x435;&#x442; &#x43D;&#x430;&#x440;. &#x434;&#x435;&#x43F;&#x443;&#x442;&#x430;&#x442;&#x43E;&#x432; &#x438; &#x434;&#x440;.$g[&#x413;&#x43B;. &#x440;&#x435;&#x434;. &#x41D;.&#x41F;. &#x41A;&#x43E;&#x440;&#x43D;&#x435;&#x435;&#x432;]$v[&#x422;. 6]</subfield>
    <subfield code="9">7921846</subfield>
    <subfield code="c">&#x41F;&#x441;&#x43A;&#x43E;&#x432;</subfield>
    <subfield code="d">1993-</subfield>
    <subfield code="f">&#x41E;&#x431;&#x43B;. &#x421;&#x43E;&#x432;&#x435;&#x442; &#x43D;&#x430;&#x440;. &#x434;&#x435;&#x43F;&#x443;&#x442;&#x430;&#x442;&#x43E;&#x432; &#x438; &#x434;&#x440;.</subfield>
    <subfield code="n">&#x418;&#x437;&#x434;-&#x432;&#x43E; &#x41E;&#x440;&#x433;.-&#x43C;&#x435;&#x442;&#x43E;&#x434;. &#x446;&#x435;&#x43D;&#x442;&#x440;&#x430; &#x43F;&#x43E; &#x43F;&#x43E;&#x434;&#x433;&#x43E;&#x442;. &#x43E;&#x431;&#x43B;. &#x41A;&#x43D;. &#x41F;&#x430;&#x43C;&#x44F;&#x442;&#x438;</subfield>
    <subfield code="o">&#x418;&#x441;&#x442;.-&#x434;&#x43E;&#x43A;&#x443;&#x43C;. &#x445;&#x440;&#x43E;&#x43D;&#x438;&#x43A;&#x430; : &#x41A; 50-&#x43B;&#x435;&#x442;&#x438;&#x44E; &#x41F;&#x43E;&#x431;&#x435;&#x434;&#x44B; &#x441;&#x43E;&#x432;. &#x43D;&#x430;&#x440;&#x43E;&#x434;&#x430; &#x432; &#x412;&#x435;&#x43B;&#x438;&#x43A;&#x43E;&#x439; &#x41E;&#x442;&#x435;&#x447;. &#x432;&#x43E;&#x439;&#x43D;&#x435;</subfield>
    <subfield code="t">&#x41A;&#x43D;&#x438;&#x433;&#x430; &#x41F;&#x430;&#x43C;&#x44F;&#x442;&#x438;. &#x41F;&#x441;&#x43A;&#x43E;&#x432;&#x441;&#x43A;&#x430;&#x44F; &#x43E;&#x431;&#x43B;&#x430;&#x441;&#x442;&#x44C;</subfield>
    <subfield code="v">[&#x422;. 6]</subfield>
  </datafield>
  <datafield tag="801" ind1=" " ind2="0">
    <subfield code="a">RU</subfield>
    <subfield code="b">NLR</subfield>
    <subfield code="g">psbo</subfield>
  </datafield>
  <datafield tag="801" ind1=" " ind2="1">
    <subfield code="a">RU</subfield>
    <subfield code="b">ELAR</subfield>
    <subfield code="2">rusmarc</subfield>
  </datafield>
  <datafield tag="852" ind1=" " ind2=" ">
    <subfield code="a">NLR</subfield>
    <subfield code="b">&#x421;</subfield>
    <subfield code="j">&#x41A;-2/6050</subfield>
  </datafield>
  <datafield tag="942" ind1=" " ind2=" ">
    <subfield code="c">BOOK</subfield>
  </datafield>
  <datafield tag="980" ind1=" " ind2=" ">
    <subfield code="a">NB</subfield>
  </datafield>
  <datafield tag="995" ind1=" " ind2=" ">
    <subfield code="5">2013-10-26</subfield>
    <subfield code="b">NLR01</subfield>
    <subfield code="c">NLR01</subfield>
    <subfield code="e">CSB</subfield>
    <subfield code="f">1-2818224</subfield>
    <subfield code="k">&#x421; &#x41A;-2/6050</subfield>
    <subfield code="o">0</subfield>
    <subfield code="r">BOOK</subfield>
    <subfield code="s">_26050</subfield>
  </datafield>
</record>
